Diseño en ingeniería: inventiva, análisis y toma de decisiones
Uloženo v:
| Hlavní autor: | |
|---|---|
| Médium: | Kniha |
| Jazyk: | španělština |
| Vydáno: |
Ciudad de México
Limusa
1970
|
| Vydání: | 1a. ed |
| Témata: | |
| Tagy: |
Přidat tag
Žádné tagy, Buďte první, kdo vytvoří štítek k tomuto záznamu!
|
MARC
| LEADER | 00000cam a2200000 a 4500 | ||
|---|---|---|---|
| 001 | UCU4247 | ||
| 003 | CL-VaPUC | ||
| 008 | 960517e19700000MX |||||||||||||||||spa|d | ||
| 082 | 0 | 4 | |a 620 |b DIX |2 21 |
| 100 | 0 | |a Dixon, John R |e author |9 361767 | |
| 245 | 1 | 0 | |a Diseño en ingeniería: inventiva, análisis y toma de decisiones |
| 250 | |a 1a. ed | ||
| 300 | |a 398 p | ||
| 942 | |c BK | ||
| 945 | |d 19960517 00:00:00 |a lriquelm | ||
| 260 | |a Ciudad de México |b Limusa |c 1970 | ||
| 650 | 0 | |a Ingeniería |9 259380 | |
| 650 | 0 | |a Toma de decisiones |9 257530 | |
| 650 | 0 | |a Análisis de la información |9 306986 | |
| 650 | 0 | |a Gestión |9 260993 | |
| 650 | 0 | |a Teoría de probabilidades |9 336944 | |
| 583 | |a last modification |c 20131021 05:44:47 |k Rodrigo Vera | ||
| 999 | |c 248030 |d 248028 | ||
| 952 | |0 0 |1 0 |4 0 |6 620_000000000000000_DIX_1970 |7 0 |8 A |9 264359 |a BIBING |b BIBING |d 2019-11-19 |i 1662260 |o 620 DIX 1970 |p 1662260 |r 2025-01-20 |w 2019-11-19 |y BK |k TRA | ||
| 952 | |0 0 |1 0 |4 0 |6 620_000000000000000_DIX_1970 |7 0 |8 A |9 264360 |a BIBING |b BIBING |d 2019-11-19 |i 166221K |o 620 DIX 1970 |p 166221K |r 2025-01-20 |w 2019-11-19 |y BK |k EIE | ||